Регионална библиотека "Любен Каравелов" - Русе

Дуел (Запис номер 421093)

MARC детайли
000 -Лидер
Контролно поле с фиксирана дължина nam a22 a 4500
003 - Код на организацията, давaща контролен номер
Контролно поле BLK
005 - Дата и час на последна редакция
Контролно поле 20210623095952.0
008 - Елементи от данни с фиксирана дължина
fixed length control field 180411b bul|||||r ||||||| ||bul||
040 ## - Източник на каталожния запис
Идентификатор на билиотеката - собственик на записа BLK
041 ## - Код за език
Код за езика на текст/звукозапис или на отделно заглавие Български
Код за езика КДБФ Български
080 ## - УДК
Текстов определител УДК Руска литература
УДК код - определител по УДК 821.161.1
УДК определител -32
УДК - код + определител 821.161.1-32
100 1# - Редна дума - Автор
Автор Чехов, Антон Павлович
Авторска отговорност първи автор
R(LIN) 367913
139 ## - Редно поле
Редна дума Чехов, Антон Павлович
Авторски знак Чехов - Ч 77
245 10 - Сведения за заглавието
Заглавие Дуел
Подзаглавни данни Роман
Редно поле (дума) Антон Павлович Чехов; прев. от рус. Ив. Маринов
257 ## - Страна на издаване
Страна на създаване/издаване Русия
260 ## - Област на издателските данни
Място на издаване, разпространение и проч. София
Име на издателя, разпространителя и проч. Хемус
Година на издаване б.г.
9 (RLIN) 209594
Издателство - префикс ISBN 954-428-
300 ## - Физическа характеристика
Страници 172 с.
Размери/Мащаб 15 см
380 ## - Жанр
Жанр Худож. лит.
700 ## - Други автори (авторска отговорност)
Лично име Маринов, Цветан
Автороска отговорност (Описва отношението между автора и произведението) прев. от рус.
9 (RLIN) 1121
852 ## - Местоположение
Форматна сигнатура Цб 8.150.5819
Фондова буква Основен фонд - ползва се само за читалня
856 4# - Електронен адрес и достъп
Електронен формат pdf - файл
856 4# - Електронен адрес и достъп
Електронен формат pdf - файл
999 ## - СИСТЕМНИ КОНТРОЛНИ НОМЕРА
Koha biblionumber 421093
Koha biblioitemnumber 421093
942 ## - АРТИКУЛИ
Вид на библиотечния материал Книги
Скрит в OPAC Не
Периодичен библиозапис Да
944 ## - СЪЗДАВАНЕ И РЕДАКЦИЯ на ЗАПИСА
Създаване/Редакция Създаване
Дата на регистрацията/редакция 2021-06-23
Служител, извършил регистрацията/редакцията К.Д.
Наличности
Код за отписване Код за изгубен артикул Източник на класификационната схема Код за повреда Коз за рестрикции Код за отдаване Артикулен № Име на библиотеката - собственик Име на библиотеката, в която се намира в момента Статус (Текущо местоположение) Дата на вписване в системата Местоположение - отдел Цена в лева Инвентарен номер Систематично азбучна сигнатура Баркод Цена в евро Служебен тип на артикула
  Не е изгубен Universal Decimal Classification Не е повреден само за читалня ползва се в читалня 839125 Регионална библиотека "Любен Каравелов" Русе Регионална библиотека "Любен Каравелов" Русе Хранилище 2021-06-25 Основен фонд - ползва се само за читалня 0.14 5819 Цб 8.150.5819 900000065770 0.07 Книги
Vip Innovations Ltd, Rousse, Bulgaria 2025